[Event "20th TCh-RUS 2013"]
[Site "Loo RUS"]
[Date "2013.04.09"]
[Round "3"]
[White "Landa, Konstantin"]
[Black "Yudin, Sergei"]
[Result "1/2-1/2"]
[WhiteElo "2642"]
[BlackElo "2548"]
[PlyCount "71"]
[EventDate "2013.04.07"]
[WhiteTeam "Belorechensk"]
[BlackTeam "Politekhnik"]

1. d4 d5 2. Nf3 c6 3. c4 e6 4. Qc2 dxc4 5. Qxc4 Nf6 6. Bf4 b5 7. Qb3 Bb7 8.
Nbd2 Nbd7 9. e3 a6 10. a4 Nb6 11. Be2 bxa4 12. Rxa4 Nfd5 13. Bg3 Be7 14. Ra5
Bb4 15. Rc5 a5 16. e4 a4 17. Qc2 Ne7 18. O-O O-O 19. Rd1 Nd7 20. Nc4 Ba6 21.
Bd6 Bxc5 22. dxc5 Bxc4 23. Bxc4 Re8 24. Nd4 Nf8 25. f4 Qa5 26. f5 exf5 27.
Bxf7+ Kxf7 28. Qc4+ Kf6 29. e5+ Kg6 30. Bxe7 Rxe7 31. Nxf5 Kxf5 32. Qd3+ Ke6
33. Qc4+ Kf5 34. Qd3+ Ke6 35. Qc4+ Kf5 36. Qd3+ 1/2-1/2

[Event "20th TCh-RUS 2013"]
[Site "Loo RUS"]
[Date "2013.04.09"]
[Round "3"]
[White "Korneev, Oleg"]
[Black "Pogromsky, Mikhail"]
[Result "1-0"]
[WhiteElo "2609"]
[BlackElo "2431"]
[PlyCount "69"]
[EventDate "2013.04.07"]
[WhiteTeam "Belorechensk"]
[BlackTeam "Politekhnik"]

1. e4 c5 2. c3 d5 3. exd5 Qxd5 4. d4 Nf6 5. Nf3 e6 6. Be3 cxd4 7. cxd4 Nc6 8.
Nc3 Qd8 9. Bd3 Be7 10. O-O O-O 11. a3 b6 12. Qe2 Bb7 13. Rad1 Nd5 14. Bc1 Nxc3
15. bxc3 Bf6 16. h4 Ne7 17. Ng5 g6 18. h5 Rc8 19. Qg4 Nf5 20. Rfe1 Bd5 21. hxg6
hxg6 22. Nxe6 Bxe6 23. Rxe6 fxe6 24. Qxg6+ Ng7 25. d5 Rxc3 26. Qh7+ Kf7 27.
dxe6+ Ke7 28. Bg5 Rg8 29. Bxf6+ Kxf6 30. Qh4+ Ke5 31. Qe4+ Kf6 32. Qg6+ Ke5 33.
Re1+ Kd5 34. Qe4+ Kc5 35. Qb4+ 1-0

[Event "20th TCh-RUS 2013"]
[Site "Loo RUS"]
[Date "2013.04.09"]
[Round "3"]
[White "Ozgibcev, Anatoly"]
[Black "Panarin, Mikhail"]
[Result "1/2-1/2"]
[WhiteElo "2379"]
[BlackElo "2559"]
[PlyCount "83"]
[EventDate "2013.04.07"]
[WhiteTeam "Politekhnik"]
[BlackTeam "Belorechensk"]

1. e4 c5 2. c3 d5 3. exd5 Qxd5 4. d4 Nc6 5. Nf3 Bf5 6. Be3 Nf6 7. dxc5 Qxd1+ 8.
Kxd1 O-O-O+ 9. Nbd2 Nd5 10. Ke1 e5 11. Nb3 Be7 12. Bb5 f6 13. Rd1 a6 14. Be2
Bc2 15. Rd2 Bxb3 16. axb3 Nxe3 17. fxe3 Bxc5 18. e4 Be3 19. Rd1 b5 20. b4 Kc7
21. Rd3 Bh6 22. Nh4 Bg5 23. Nf3 Bh6 24. Nh4 g6 25. Kf2 Rxd3 26. Bxd3 Rd8 27.
Ke2 Ne7 28. Rd1 Nc8 29. Bc2 Rxd1 30. Kxd1 Nd6 31. b3 Kd7 32. Ke2 Bc1 33. Bd3
Ke7 34. g4 Bg5 35. Nf3 Bf4 36. Bc2 f5 37. gxf5 gxf5 38. exf5 e4 39. Nd2 Be5 40.
f6+ Bxf6 41. Nxe4 Nxe4 42. Ke1 1/2-1/2

[Event "20th TCh-RUS 2013"]
[Site "Loo RUS"]
[Date "2013.04.10"]
[Round "4"]
[White "Svidler, Peter"]
[Black "Karjakin, Sergey"]
[Result "1/2-1/2"]
[WhiteElo "2747"]
[BlackElo "2786"]
[PlyCount "82"]
[EventDate "2013.04.07"]
[WhiteTeam "SPb Chess Fed"]
[BlackTeam "Malakhit"]

1. e4 e5 2. Nf3 Nc6 3. Bb5 Nf6 4. d3 Bc5 5. c3 O-O 6. O-O d6 7. Nbd2 Ne7 8. d4
exd4 9. cxd4 Bb6 10. Re1 Bg4 11. h3 Bh5 12. Qb3 d5 13. e5 Nd7 14. a4 a5 15. Bd3
Re8 16. g4 Bg6 17. Bxg6 Nxg6 18. Nf1 Ndf8 19. Ng3 Ne6 20. Be3 Ngf4 21. h4 f6
22. Rad1 Rf8 23. Nf5 fxe5 24. dxe5 Qe8 25. Ng5 Nxg5 26. Bxf4 Ne6 27. Bg3 h5 28.
Rxd5 hxg4 29. Ne3 Rf3 30. Rd3 Bxe3 31. Rexe3 Rxe3 32. Rxe3 Rd8 33. Re4 Qg6 34.
Qc4 Kh8 35. Rxg4 Qf5 36. Re4 Rd2 37. Re2 Rd1+ 38. Kg2 Rd4 39. Qc2 Qxc2 40. Rxc2
Rxa4 41. f4 Nxf4+ 1/2-1/2

[Event "20th TCh-RUS 2013"]
[Site "Loo RUS"]
[Date "2013.04.10"]
[Round "4"]
[White "Grischuk, Alexander"]
[Black "Vitiugov, Nikita"]
[Result "1/2-1/2"]
[WhiteElo "2764"]
[BlackElo "2712"]
[PlyCount "136"]
[EventDate "2013.04.07"]
[WhiteTeam "Malakhit"]
[BlackTeam "SPb Chess Fed"]

1. e4 c5 2. Nf3 e6 3. d4 cxd4 4. Nxd4 a6 5. Bd3 Bc5 6. Nb3 Ba7 7. Qe2 Nc6 8.
Be3 d6 9. O-O Bxe3 10. Qxe3 Nf6 11. c4 e5 12. Nc3 Be6 13. Rad1 O-O 14. Be2 Rc8
15. Rd2 Na5 16. Nxa5 Qxa5 17. Rxd6 Bxc4 18. Bxc4 Rxc4 19. f3 Qc7 20. Qb6 Qxb6+
21. Rxb6 Rb8 22. Rd1 Kf8 23. Kf2 Ke8 24. Ke3 Rc7 25. g3 Rd7 26. Rxd7 Kxd7 27.
Na4 Kc7 28. Rb3 Nd7 29. Rc3+ Kd6 30. Rd3+ Kc6 31. Rc3+ Kd6 32. f4 b5 33. Rd3+
Kc6 34. Rc3+ Kd6 35. Rd3+ Kc6 36. Nc3 Nc5 37. Rd2 Re8 38. f5 a5 39. Nd5 f6 40.
a3 Kb7 41. g4 h6 42. h4 Nb3 43. Rd1 Rh8 44. Rg1 Nd4 45. Kd3 Nb3 46. Rg3 Kc6 47.
Ke3 Nd4 48. Kd3 h5 49. Nc3 hxg4 50. Rxg4 Rh7 51. Ne2 Nxe2 52. Kxe2 Kd6 53. Ke3
Kc6 54. Ke2 Kd6 55. Ke3 Kc6 56. Kd2 Kd6 57. Kc3 Kc5 58. b4+ axb4+ 59. axb4+ Kd6
60. Kd3 Ke7 61. Rg1 Kf7 62. Rc1 Rxh4 63. Rc7+ Kg8 64. Rb7 Rh3+ 65. Kd2 Rh2+ 66.
Kd3 Rh3+ 67. Kd2 Rh2+ 68. Kd3 Rh3+ 1/2-1/2

[Event "20th TCh-RUS 2013"]
[Site "Loo RUS"]
[Date "2013.04.10"]
[Round "4"]
[White "Dominguez Perez, Leinier"]
[Black "Mamedyarov, Shakhriyar"]
[Result "1/2-1/2"]
[WhiteElo "2723"]
[BlackElo "2766"]
[PlyCount "132"]
[EventDate "2013.04.07"]
[WhiteTeam "SPb Chess Fed"]
[BlackTeam "Malakhit"]

1. e4 c6 2. Nc3 d5 3. Nf3 Bg4 4. h3 Bxf3 5. Qxf3 e6 6. d4 Nd7 7. Bd3 dxe4 8.
Nxe4 Ngf6 9. c3 Nxe4 10. Qxe4 Nf6 11. Qe2 Bd6 12. O-O O-O 13. Re1 Re8 14. Qf3
Qa5 15. Bc4 Qf5 16. Qxf5 exf5 17. Rxe8+ Rxe8 18. Bd2 Ne4 19. Re1 Kf8 20. Bc1 h5
21. g3 Re7 22. Kg2 g6 23. Bd3 Re6 24. Bc4 Re7 25. Re2 a5 26. Bd3 a4 27. a3 Nf6
28. Rxe7 Kxe7 29. c4 c5 30. dxc5 Bxc5 31. Bc2 Ne4 32. f4 Nd6 33. Bxa4 Nxc4 34.
Kf3 Bd4 35. b4 Nd6 36. Bb3 b5 37. Be3 Bb2 38. a4 bxa4 39. Bxa4 Ne4 40. Bc2 Ba3
41. b5 Nc5 42. Bb1 Kd6 43. Ba2 Ne6 44. h4 Bb4 45. Ke2 Nd8 46. Bb6 Ne6 47. Bf2
Nd8 48. b6 Kc6 49. Bb3 Ba5 50. Kd3 Bxb6 51. Ba4+ Kc7 52. Bxb6+ Kxb6 53. Kd4 Kc7
54. Ke5 Nb7 55. Kf6 Nd6 56. Ke7 Ne4 57. Kxf7 Nxg3 58. Bd1 Ne4 59. Kxg6 Nf2 60.
Bb3 Nh3 61. Kxh5 Kd6 62. Kg6 Nxf4+ 63. Kxf5 Ke7 64. Bc4 Kf8 65. Kf6 Nh5+ 66.
Kg6 Nf4+ 1/2-1/2

[Event "20th TCh-RUS 2013"]
[Site "Loo RUS"]
[Date "2013.04.10"]
[Round "4"]
[White "Shirov, Alexei"]
[Black "Movsesian, Sergei"]
[Result "1/2-1/2"]
[WhiteElo "2700"]
[BlackElo "2695"]
[PlyCount "99"]
[EventDate "2013.04.07"]
[WhiteTeam "Malakhit"]
[BlackTeam "SPb Chess Fed"]

1. e4 c5 2. Nf3 e6 3. d4 cxd4 4. Nxd4 Nc6 5. Nc3 Qc7 6. Be3 a6 7. Qd2 Nf6 8.
O-O-O Nxd4 9. Qxd4 d6 10. Be2 b5 11. g4 e5 12. Qd2 Bb7 13. Nd5 Bxd5 14. exd5
Rc8 15. c3 Be7 16. g5 Ne4 17. Qc2 Nc5 18. h4 b4 19. Kb1 bxc3 20. Qxc3 Qb7 21.
Rhg1 O-O 22. Rg4 Rc7 23. Rb4 Qa8 24. Rc4 Rfc8 25. Qc2 a5 26. Bg4 Ne6 27. Rxc7
Rxc7 28. Qe2 Nd4 29. Bxd4 exd4 30. Rxd4 Qa7 31. Re4 g6 32. a3 h5 33. gxh6 Bxh4
34. Bd7 Qxf2 35. Re8+ Kh7 36. Qxf2 Bxf2 37. Re7 Kxh6 38. Rxf7 Bd4 39. Be6 Rxf7
40. Bxf7 g5 41. Be6 Kh5 42. Kc2 g4 43. Kd3 Bxb2 44. a4 Kg5 45. Ke4 Bc3 46. Bd7
Be1 47. Bc8 g3 48. Kf3 Kf6 49. Bd7 Ke5 50. Bc6 1/2-1/2

[Event "20th TCh-RUS 2013"]
[Site "Loo RUS"]
[Date "2013.04.10"]
[Round "4"]
[White "Riazantsev, Alexander"]
[Black "Zvjaginsev, Vadim"]
[Result "1/2-1/2"]
[WhiteElo "2705"]
[BlackElo "2658"]
[PlyCount "80"]
[EventDate "2013.04.07"]
[WhiteTeam "Malakhit"]
[BlackTeam "SPb Chess Fed"]

1. d4 e6 2. c4 Bb4+ 3. Nd2 c5 4. a3 Bxd2+ 5. Qxd2 cxd4 6. Nf3 Nf6 7. Nxd4 O-O
8. e3 d5 9. cxd5 Qxd5 10. Nf3 Nc6 11. Qxd5 exd5 12. b4 Ne4 13. Bb2 Be6 14. Bd3
a5 15. b5 Nc5 16. Bc2 Ne7 17. Nd4 Nc8 18. Rc1 Nd6 19. Bxh7+ Kxh7 20. Rxc5 Rfc8
21. Rxc8 Rxc8 22. Ke2 Nxb5 23. Rc1 Nxd4+ 24. exd4 Rxc1 25. Bxc1 Bd7 26. Bf4
Bb5+ 27. Ke3 Bf1 28. Bc7 Bxg2 29. Bxa5 Bf1 30. Kf4 f6 31. h4 Kg6 32. Bb4 Kf7
33. Bc5 Bb5 34. Bb4 Bd7 35. Bc5 Bb5 36. Bb4 Bd7 37. Bc5 Bb5 38. Bb4 Bd7 39. Bc5
Bb5 40. Bb4 Bd7 1/2-1/2

[Event "20th TCh-RUS 2013"]
[Site "Loo RUS"]
[Date "2013.04.10"]
[Round "4"]
[White "Jakovenko, Dmitry"]
[Black "Caruana, Fabiano"]
[Result "1/2-1/2"]
[WhiteElo "2734"]
[BlackElo "2772"]
[PlyCount "105"]
[EventDate "2013.04.07"]
[WhiteTeam "Yugra"]
[BlackTeam "SHSM Nashe Nasledie Moskow"]

1. Nf3 Nf6 2. c4 c5 3. Nc3 d5 4. cxd5 Nxd5 5. e4 Nb4 6. Bc4 Nd3+ 7. Ke2 Nf4+ 8.
Kf1 Nd3 9. Ke2 Nf4+ 10. Kf1 Nd3 11. Qb3 e6 12. Bb5+ Nc6 13. Na4 Ndb4 14. a3 Qa5
15. Be2 Na6 16. Nc3 Be7 17. d3 O-O 18. Be3 Rd8 19. Rc1 Bf6 20. h4 Nd4 21. Qd1
Nxf3 22. gxf3 Bd4 23. Qd2 e5 24. Bxd4 cxd4 25. Nb1 Qxd2 26. Nxd2 Be6 27. Kg2
Rac8 28. Kg3 Nc5 29. f4 exf4+ 30. Kxf4 Bd7 31. Nf3 Bb5 32. Kg3 f6 33. Rhe1 a6
34. b4 Ne6 35. Rxc8 Rxc8 36. Ra1 Rc3 37. Ne1 g5 38. hxg5 fxg5 39. a4 Bc6 40.
Kg4 Bd7 41. Bd1 Kf7 42. Kf5 Ke7 43. a5 Bb5 44. Ke5 Bxd3 45. Bg4 Bc4 46. Nf3 Be2
47. Bxe6 Rxf3 48. Rh1 d3 49. Rxh7+ Kf8 50. Rh8+ Ke7 51. Rh7+ Kf8 52. Rh8+ Ke7
53. Rh7+ 1/2-1/2

[Event "20th TCh-RUS 2013"]
[Site "Loo RUS"]
[Date "2013.04.10"]
[Round "4"]
[White "Nepomniachtchi, Ian"]
[Black "Leko, Peter"]
[Result "1/2-1/2"]
[WhiteElo "2708"]
[BlackElo "2744"]
[PlyCount "58"]
[EventDate "2013.04.07"]
[WhiteTeam "SHSM Nashe Nasledie Moskow"]
[BlackTeam "Yugra"]

1. d4 Nf6 2. c4 e6 3. Nc3 Bb4 4. Qc2 O-O 5. a3 Bxc3+ 6. Qxc3 d5 7. Nf3 dxc4 8.
Qxc4 b6 9. Bg5 Ba6 10. Qa4 Qd7 11. Qc2 c5 12. dxc5 Rc8 13. Bxf6 gxf6 14. Rd1
Qe7 15. e3 Rxc5 16. Qe4 Bb7 17. Qh4 Nd7 18. b4 Rc3 19. Qd4 Rc7 20. Be2 Rac8 21.
O-O Nf8 22. Qa1 Bxf3 23. Bxf3 Rc3 24. Rc1 Qc7 25. Rxc3 Qxc3 26. Qa2 Qc2 27. Qa1
Qc3 28. Qa2 Rd8 29. Qa1 Rc8 1/2-1/2

[Event "20th TCh-RUS 2013"]
[Site "Loo RUS"]
[Date "2013.04.10"]
[Round "4"]
[White "Korobov, Anton"]
[Black "Le, Quang Liem"]
[Result "1-0"]
[WhiteElo "2698"]
[BlackElo "2717"]
[PlyCount "121"]
[EventDate "2013.04.07"]
[WhiteTeam "Yugra"]
[BlackTeam "SHSM Nashe Nasledie Moskow"]

1. d4 Nf6 2. c4 g6 3. f3 e6 4. e4 d5 5. Nc3 dxe4 6. fxe4 e5 7. d5 Bc5 8. Nf3
Bg4 9. Bg5 h6 10. Bh4 g5 11. Bg3 Nbd7 12. Be2 Bxf3 13. Bxf3 h5 14. h3 Qe7 15.
Qc2 Be3 16. Bf2 Qc5 17. Bxe3 Qxe3+ 18. Qe2 Qc5 19. O-O-O O-O-O 20. b3 Rdg8 21.
g4 h4 22. Rhf1 Ne8 23. Kb2 Rh6 24. Bg2 Nd6 25. Qd2 Qb4 26. Kc2 Rgg6 27. Qe3 Qa3
28. Ra1 Kb8 29. Nb1 Qb4 30. Nd2 Qb6 31. Qc3 Rf6 32. b4 c5 33. dxc6 Qxc6 34. Kb3
Rf4 35. Rxf4 gxf4 36. Rd1 Re6 37. a3 a5 38. Bf3 Nb6 39. Rc1 Qa4+ 40. Ka2 axb4
41. Qxb4 Qxb4 42. axb4 Nd7 43. Be2 Nf6 44. Bd3 b6 45. c5 bxc5 46. bxc5 Nb7 47.
g5 Nh7 48. Nf3 Na5 49. Bb5 Rg6 50. Nxe5 Rxg5 51. Nxf7 Rg7 52. Nd6 Ng5 53. c6
Re7 54. Ka3 Kc7 55. Kb4 Kxd6 56. c7 Rxc7 57. e5+ Kxe5 58. Rxc7 Nxh3 59. Kxa5
Ng5 60. Rc5+ Kf6 61. Bd3 1-0

[Event "20th TCh-RUS 2013"]
[Site "Loo RUS"]
[Date "2013.04.10"]
[Round "4"]
[White "Rublevsky, Sergei"]
[Black "Grachev, Boris"]
[Result "1/2-1/2"]
[WhiteElo "2688"]
[BlackElo "2693"]
[PlyCount "67"]
[EventDate "2013.04.07"]
[WhiteTeam "Yugra"]
[BlackTeam "SHSM Nashe Nasledie Moskow"]

1. e4 c6 2. d4 d5 3. e5 Bf5 4. Nd2 e6 5. Nb3 Nd7 6. Nf3 a6 7. Be2 c5 8. dxc5
Bxc5 9. Nxc5 Nxc5 10. Nd4 Ne7 11. a4 O-O 12. O-O Qc7 13. Be3 Rac8 14. f4 Be4
15. a5 Nf5 16. Bf2 Qe7 17. Qd2 Nd7 18. c3 f6 19. exf6 Qxf6 20. Nxf5 Qxf5 21.
Bd4 Qg6 22. Bf3 Nc5 23. Bxc5 Rxc5 24. Bxe4 Qxe4 25. Rae1 Qg6 26. Re5 h6 27. Qe3
Rc6 28. Re1 Rf6 29. Qa7 Qf7 30. g3 Qc7 31. Ra1 Rc5 32. Rae1 Rc6 33. Ra1 Rc5 34.
Rae1 1/2-1/2

[Event "20th TCh-RUS 2013"]
[Site "Loo RUS"]
[Date "2013.04.10"]
[Round "4"]
[White "Dubov, Daniil"]
[Black "Khismatullin, Denis"]
[Result "1/2-1/2"]
[WhiteElo "2614"]
[BlackElo "2640"]
[PlyCount "72"]
[EventDate "2013.04.07"]
[WhiteTeam "SHSM Nashe Nasledie Moskow"]
[BlackTeam "Yugra"]

1. d4 Nf6 2. c4 e6 3. Nc3 Bb4 4. e3 O-O 5. Nge2 Re8 6. a3 Bf8 7. e4 d5 8. e5
Nfd7 9. cxd5 exd5 10. b4 b6 11. g3 c5 12. f4 Nc6 13. Bg2 Nxd4 14. Nxd4 cxd4 15.
Qxd4 a5 16. Nxd5 axb4 17. axb4 Rxa1 18. Qxa1 Bb7 19. O-O Nxe5 20. Rd1 Nc4 21.
Qa4 Qc8 22. Nf6+ gxf6 23. Bxb7 Qg4 24. Rf1 Rd8 25. Bf3 Qd7 26. Qxd7 Rxd7 27. b5
Bc5+ 28. Kg2 Ne3+ 29. Bxe3 Bxe3 30. Rd1 Rxd1 31. Bxd1 Kg7 32. Bc2 h6 33. Bd3
Bd4 34. Bc2 Be3 35. Bd3 Bd4 36. Bc2 Be3 1/2-1/2

[Event "20th TCh-RUS 2013"]
[Site "Loo RUS"]
[Date "2013.04.10"]
[Round "4"]
[White "Frolyanov, Dmitry"]
[Black "Kamsky, Gata"]
[Result "0-1"]
[WhiteElo "2561"]
[BlackElo "2741"]
[PlyCount "82"]
[EventDate "2013.04.07"]
[WhiteTeam "Zhiguli"]
[BlackTeam "Kazan"]

1. e4 e5 2. Nf3 Nc6 3. Bb5 a6 4. Ba4 Nf6 5. O-O Be7 6. Re1 b5 7. Bb3 O-O 8. c3
d6 9. h3 Nb8 10. d4 Nbd7 11. c4 c6 12. Qc2 a5 13. cxb5 cxb5 14. Nc3 Ba6 15. a3
Rc8 16. Qd1 h6 17. Be3 Bb7 18. Nxb5 Bxe4 19. Nc3 Bh7 20. dxe5 dxe5 21. Bc2 Bxc2
22. Qxc2 Bb4 23. axb4 axb4 24. Red1 Qe8 25. Qb3 bxc3 26. bxc3 e4 27. Nd4 Nc5
28. Qa3 Qe5 29. Qa5 Nd5 30. Nc2 Nxc3 31. Re1 Nd3 32. Qxe5 Nxe5 33. Nb4 Rfd8 34.
Bf4 Ng6 35. Be3 f5 36. Ra6 Ne5 37. Na2 Nd3 38. Ra1 Nd5 39. Ra7 Nxe3 40. fxe3
Rd6 41. Rf1 Rc2 0-1

[Event "20th TCh-RUS 2013"]
[Site "Loo RUS"]
[Date "2013.04.10"]
[Round "4"]
[White "Timofeev, Artyom"]
[Black "Bukavshin, Ivan"]
[Result "1-0"]
[WhiteElo "2616"]
[BlackElo "2522"]
[PlyCount "83"]
[EventDate "2013.04.07"]
[WhiteTeam "Kazan"]
[BlackTeam "Zhiguli"]

1. d4 Nf6 2. c4 e6 3. Nc3 Bb4 4. f3 c5 5. d5 b5 6. e4 O-O 7. e5 Ne8 8. f4 exd5
9. cxd5 d6 10. Nf3 Nc7 11. Bd3 c4 12. Bc2 f5 13. O-O Nd7 14. Nd4 Nb6 15. Nc6
Bc5+ 16. Kh1 Qh4 17. a4 bxa4 18. Bxa4 Kh8 19. exd6 Bxd6 20. Be3 Bd7 21. Qd4
Ncxd5 22. Nxd5 Nxa4 23. Ndb4 Bxc6 24. Nxc6 Bc5 25. Qxc4 Bxe3 26. Qxa4 Bb6 27.
Ne5 Bc7 28. Qd7 Bxe5 29. fxe5 Qb4 30. e6 Qxb2 31. e7 Rg8 32. Qxf5 Qb4 33. Qe5
a5 34. Rab1 Qc4 35. Rf4 Qd3 36. Rbf1 Qa3 37. h3 Rae8 38. Rf7 a4 39. Rxg7 Rxg7
40. Rf7 Qc1+ 41. Kh2 Qc7 42. Rf8+ 1-0

[Event "20th TCh-RUS 2013"]
[Site "Loo RUS"]
[Date "2013.04.10"]
[Round "4"]
[White "Geller, Jakov"]
[Black "Atalik, Suat"]
[Result "1/2-1/2"]
[WhiteElo "2545"]
[BlackElo "2593"]
[PlyCount "111"]
[EventDate "2013.04.07"]
[WhiteTeam "Zhiguli"]
[BlackTeam "Kazan"]

1. e4 e5 2. Nf3 Nc6 3. Bb5 a6 4. Ba4 d6 5. O-O Bd7 6. d4 exd4 7. Nxd4 Be7 8.
Nxc6 Bxc6 9. Bxc6+ bxc6 10. Qf3 Qd7 11. Bd2 Nf6 12. Nc3 O-O 13. Rad1 Rfe8 14.
Rfe1 Qg4 15. Qd3 Nd7 16. b3 Bf6 17. f3 Qh5 18. Ne2 Qb5 19. Bc3 Bxc3 20. Qxc3
Qb6+ 21. Nd4 Ne5 22. f4 Ng6 23. g3 Ne7 24. Kg2 c5 25. Nf3 a5 26. a4 Qb4 27.
Qxb4 axb4 28. Kf2 h6 29. Re3 Kf8 30. g4 Ra5 31. h4 c4 32. Rd4 Rc5 33. Rxc4 Rxc4
34. bxc4 Ra8 35. Rb3 Rxa4 36. c3 c5 37. cxb4 cxb4 38. Nd4 Ng6 39. Ke3 Nxh4 40.
Nc2 Ng2+ 41. Kf3 g5 42. fxg5 hxg5 43. Rxb4 Nh4+ 44. Ke3 Ra2 45. Rb8+ Kg7 46.
Nd4 Ra3+ 47. Rb3 Rxb3+ 48. Nxb3 Kf6 49. c5 dxc5 50. Nxc5 Ke5 51. Nd3+ Kd6 52.
Ne1 f6 53. Kd4 Ke6 54. e5 f5 55. gxf5+ Nxf5+ 56. Ke4 1/2-1/2

[Event "20th TCh-RUS 2013"]
[Site "Loo RUS"]
[Date "2013.04.10"]
[Round "4"]
[White "Ibragimov, Ildar"]
[Black "Yakovich, Yuri"]
[Result "1/2-1/2"]
[WhiteElo "2567"]
[BlackElo "2517"]
[PlyCount "125"]
[EventDate "2013.04.07"]
[WhiteTeam "Kazan"]
[BlackTeam "Zhiguli"]

1. d4 Nf6 2. c4 e6 3. Nc3 Bb4 4. Qc2 O-O 5. a3 Bxc3+ 6. Qxc3 b6 7. Nf3 Bb7 8.
e3 d6 9. Be2 Nbd7 10. O-O Ne4 11. Qc2 f5 12. b4 Rf6 13. d5 Rg6 14. Bb2 c5 15.
Rad1 Qe7 16. g3 Rc8 17. b5 Rf8 18. Ne1 e5 19. Ng2 Bc8 20. f4 Ndf6 21. Nh4 Nxg3
22. Nxg6 Nxe2+ 23. Qxe2 hxg6 24. Qg2 Ne4 25. Qxg6 Rf6 26. Qg2 Kf7 27. Kh1 Rg6
28. Qe2 Qh4 29. Rf3 Ng3+ 30. Rxg3 Rxg3 31. Rf1 e4 32. Rg1 Rxg1+ 33. Kxg1 Qh3
34. Bc3 Bd7 35. Be1 Be8 36. Bg3 Kf8 37. Qg2 Qxg2+ 38. Kxg2 Bh5 39. Kh3 Be2 40.
Kh4 Kf7 41. Kg5 g6 42. h4 Bxc4 43. h5 gxh5 44. Kxf5 Bxd5 45. Kg5 Bc4 46. f5 d5
47. Kxh5 Bxb5 48. Kg5 Bc6 49. Kf4 d4 50. exd4 cxd4 51. Ke5 d3 52. Bf4 a5 53.
Bd2 b5 54. Kf4 b4 55. axb4 a4 56. b5 Bd5 57. Bc3 a3 58. Ke3 a2 59. b6 Ke7 60.
f6+ Kd7 61. Kd2 Kc6 62. Bd4 Bb3 63. Ke3 1/2-1/2

[Event "20th TCh-RUS 2013"]
[Site "Loo RUS"]
[Date "2013.04.10"]
[Round "4"]
[White "Skatchkov, Pavel"]
[Black "Sharafiev, Azat"]
[Result "1/2-1/2"]
[WhiteElo "2485"]
[BlackElo "2451"]
[PlyCount "82"]
[EventDate "2013.04.07"]
[WhiteTeam "Zhiguli"]
[BlackTeam "Kazan"]

1. d4 Nf6 2. Nf3 g6 3. Nc3 d5 4. Bf4 Bg7 5. e3 O-O 6. Be2 Nbd7 7. Ne5 c6 8. O-O
Nxe5 9. Bxe5 Bf5 10. Bd3 Qc8 11. Bxf5 Qxf5 12. Qd3 Ne4 13. Bxg7 Kxg7 14. Nxe4
Qxe4 15. Qb3 Qe6 16. Rae1 f5 17. Rc1 Qd7 18. Rfe1 b5 19. Qd3 Qd6 20. Qd2 e5 21.
b3 e4 22. c4 bxc4 23. bxc4 f4 24. cxd5 cxd5 25. Qa5 Rf7 26. Qc5 Qd7 27. exf4
Rxf4 28. f3 Re8 29. Qc7 Rf7 30. Qxd7 Rxd7 31. Rc3 Kf6 32. Kf2 Rde7 33. Rc5 exf3
34. Rxe7 Rxe7 35. Kxf3 Rd7 36. Rc6+ Kg5 37. Rc5 h5 38. Ra5 Rf7+ 39. Ke3 Rd7 40.
Kf3 Rf7+ 41. Ke3 Rd7 1/2-1/2

[Event "20th TCh-RUS 2013"]
[Site "Loo RUS"]
[Date "2013.04.10"]
[Round "4"]
[White "Makhmutov, Rail"]
[Black "Predke, Alexandr"]
[Result "0-1"]
[WhiteElo "2362"]
[BlackElo "2481"]
[PlyCount "56"]
[EventDate "2013.04.07"]
[WhiteTeam "Kazan"]
[BlackTeam "Zhiguli"]

1. d4 Nf6 2. c4 e6 3. Nc3 Bb4 4. Qc2 O-O 5. a3 Bxc3+ 6. Qxc3 b6 7. Nf3 Bb7 8.
e3 d6 9. Be2 Nbd7 10. O-O Ne4 11. Qc2 f5 12. b4 Rf6 13. d5 Rg6 14. Bb2 c5 15.
Rad1 Rc8 16. b5 Qe7 17. g3 Re8 18. Ne1 Ndf6 19. Ng2 Rh6 20. Nf4 exd5 21. cxd5
Ng4 22. Ne6 Rxe6 23. dxe6 Ng5 24. f3 Nh3+ 25. Kh1 Nhf2+ 26. Kg1 Nxe3 27. Qc3
Nfxd1 28. Bxd1 Nxf1 0-1

[Event "20th TCh-RUS 2013"]
[Site "Loo RUS"]
[Date "2013.04.10"]
[Round "4"]
[White "Ivanchuk, Vassily"]
[Black "Gabrielian, Artur"]
[Result "1-0"]
[WhiteElo "2757"]
[BlackElo "2558"]
[PlyCount "79"]
[EventDate "2013.04.07"]
[WhiteTeam "Economist-SGSEU"]
[BlackTeam "EGU-Perspektiva"]

1. d4 Nf6 2. c4 g6 3. f3 d5 4. cxd5 Nxd5 5. e4 Nb6 6. Nc3 Bg7 7. Be3 O-O 8. Qd2
Nc6 9. O-O-O f5 10. e5 Nb4 11. Nh3 Be6 12. a3 N4d5 13. Ng5 Qd7 14. Nxe6 Qxe6
15. Nxd5 Nxd5 16. Kb1 Rfd8 17. Bc4 c6 18. h4 b5 19. Bb3 a5 20. h5 a4 21. Ba2
Rab8 22. Rc1 Rb6 23. Rc5 Bf8 24. Qc2 Kh8 25. Bd2 Ra6 26. Rc1 gxh5 27. Rxc6 Rxc6
28. Qxc6 Qxc6 29. Rxc6 f4 30. Ba5 Ra8 31. Bxd5 Rxa5 32. Rc8 Kg7 33. Be6 Ra6 34.
d5 Rb6 35. Kc2 b4 36. Rc4 bxa3 37. bxa3 Kh6 38. Rxf4 Bg7 39. Re4 Rb3 40. d6 1-0

[Event "20th TCh-RUS 2013"]
[Site "Loo RUS"]
[Date "2013.04.10"]
[Round "4"]
[White "Tomashevsky, Evgeny"]
[Black "Papin, Vasily"]
[Result "1-0"]
[WhiteElo "2722"]
[BlackElo "2562"]
[PlyCount "93"]
[EventDate "2013.04.07"]
[WhiteTeam "Economist-SGSEU"]
[BlackTeam "EGU-Perspektiva"]

1. d4 e6 2. c4 Bb4+ 3. Bd2 a5 4. e3 Nf6 5. Bd3 d6 6. Nc3 b6 7. Nge2 Bb7 8. O-O
d5 9. cxd5 exd5 10. Ng3 g6 11. a3 Be7 12. e4 dxe4 13. Ngxe4 O-O 14. Bh6 Re8 15.
Ng5 Nd5 16. Qg4 Nd7 17. Bc4 N7f6 18. Qh3 Qc8 19. Qf3 Qd7 20. Rac1 c6 21. Rfe1
Rac8 22. h3 Bf8 23. Rxe8 Rxe8 24. Bxf8 Rxf8 25. Bxd5 Nxd5 26. Nxd5 cxd5 27. Qf6
h6 28. Nf3 Rc8 29. Rxc8+ Qxc8 30. Ne5 Qc7 31. Qf4 g5 32. Qf6 Bc8 33. Kh2 Be6
34. Qxh6 Qc1 35. Qf6 Qxb2 36. Qxg5+ Kh7 37. Qh4+ Kg7 38. Qg3+ Kf8 39. Nc6 Qc1
40. Qd6+ Kg7 41. Ne7 b5 42. f4 b4 43. axb4 axb4 44. f5 Bc8 45. Nxd5 b3 46. Qf6+
Kg8 47. Ne7+ 1-0

[Event "20th TCh-RUS 2013"]
[Site "Loo RUS"]
[Date "2013.04.10"]
[Round "4"]
[White "Airapetian, Gor"]
[Black "Volokitin, Andrei"]
[Result "0-1"]
[WhiteElo "2471"]
[BlackElo "2702"]
[PlyCount "124"]
[EventDate "2013.04.07"]
[WhiteTeam "EGU-Perspektiva"]
[BlackTeam "Economist-SGSEU"]

1. d4 Nf6 2. c4 e6 3. Nf3 d5 4. Nc3 c5 5. cxd5 Nxd5 6. e3 Nc6 7. Bd3 cxd4 8.
exd4 Bb4 9. Bd2 Be7 10. a3 Bf6 11. Be3 O-O 12. O-O Nxe3 13. fxe3 g6 14. Rc1 Bg7
15. Be4 Bd7 16. b4 Rc8 17. Qe1 Qe7 18. Qg3 a5 19. b5 Nd8 20. a4 f5 21. Bb1 Nf7
22. Qe1 Qb4 23. Rc2 Rc7 24. Na2 Qxe1 25. Rxe1 Rxc2 26. Bxc2 Nd6 27. Bb3 Ne4 28.
Kf1 Kf7 29. Rc1 Rc8 30. Ke2 Ke7 31. Rxc8 Bxc8 32. Nc1 b6 33. Nd3 g5 34. Nfe5
Bb7 35. Nc6+ Kd6 36. Nde5 Bxc6 37. Nxc6 Bf6 38. Bc2 g4 39. Kf1 h5 40. h3 gxh3
41. gxh3 Ng5 42. Kg2 Kd5 43. Bb3+ Kd6 44. Bc2 Kd5 45. Bb3+ Ke4 46. h4 Nf3 47.
Kf2 Bxh4+ 48. Ke2 Ng1+ 49. Kf1 Nh3 50. Bxe6 Kxe3 51. Bxf5 Nf4 52. Ne5 Bd8 53.
Nf7 Bf6 54. d5 Nxd5 55. Nd6 Kd4 56. Bg6 h4 57. Bf7 Nc3 58. Bb3 Kc5 59. Nc8 Bd4
60. Ne7 Kb4 61. Bc2 Bc5 62. Nc6+ Ka3 0-1

[Event "20th TCh-RUS 2013"]
[Site "Loo RUS"]
[Date "2013.04.10"]
[Round "4"]
[White "Alekseev, Evgeny"]
[Black "Gladyszev, Oleg"]
[Result "1-0"]
[WhiteElo "2695"]
[BlackElo "2451"]
[PlyCount "57"]
[EventDate "2013.04.07"]
[WhiteTeam "Economist-SGSEU"]
[BlackTeam "EGU-Perspektiva"]

1. d4 Nf6 2. Nf3 g6 3. c4 Bg7 4. Nc3 O-O 5. Bg5 c5 6. d5 b5 7. cxb5 a6 8. e3
Qa5 9. Nd2 axb5 10. Bxb5 Nxd5 11. Nxd5 Qxb5 12. Bxe7 Nc6 13. Bxf8 Kxf8 14. Nc7
Qa5 15. Nxa8 Ba6 16. f4 Bxb2 17. Rb1 Nb4 18. Kf2 Nd3+ 19. Kg3 c4 20. Nxc4 Bxc4
21. Rxb2 Qxa8 22. Rc2 d5 23. Qa1 Qa4 24. Rd2 Nc5 25. Qh8+ Ke7 26. Qe5+ Ne6 27.
Rb1 Qc6 28. Rdb2 Ba6 29. Rb6 1-0